| 000 | 00426nam a2200169Ia 4500 | ||
|---|---|---|---|
| 008 | 210210b1999 xxu||||| |||| 00| 0 eng d | ||
| 082 | _a574 RAOT | ||
| 100 | _aRAO (Sudhaker M). | ||
| 245 | _aText book of preuniversity biology. V1. Ed 19. I PUC. | ||
| 250 | _a | ||
| 260 |
_aMysore. _bGeetha Book House., _c1999 |
||
| 300 | _a475 | ||
| 440 | _a1 | ||
| 650 | _aBiology I PUC text | ||
| 690 | _aBiology | ||
| 906 | _a054457 | ||
| 999 |
_c102286 _d102286 |
||